000 00290nam a22001337a 4500
008 181105b xxu||||| |||| 00| 0 eng d
020 _a053412769
041 _aeng
080 _a521
100 _a42
101 _aAST
245 _aFoundations of Astronomy
_cSeeds, M.A
942 _2udc
_cBK
999 _c51893
_d51893